00789nam a2200169 a 450000100100000000500170001000800410002704000250006808200140009310000310010724502230013826000310036130000200039204900090041295201810042199900170060200003296420200930065936.0110804s1960 xxu 000 0 spa d aDO-SdBNPbspacBNPHU axxxxbO691 aGenao, Francisco C.95870310aOrigen histórico de la dictadura en Santo Domingo y medidas que pueden prevenir su repetición. :bconferencia pronunciada en Chicago con motivo del 116 aniversario de la indepencia Dominicana /cFrancisco C. Genao. aChicago, :b[s.n.],c1960. a36 p. ;c14 cm. aBNPD 001050718RVaPDbPDcCTd2011-08-04iLF1l0oxxxx O69p32964-10r2020-06-25w2020-06-25y1zPerteneció a la biblioteca personal de Carlos Larrazábal BlancoZNo se presta c32455d32455